|
|
|
|
| LEADER |
01104nam a22002657a 4500 |
| 001 |
44502 |
| 003 |
BD-DhAAL |
| 005 |
20250723171633.0 |
| 008 |
250723t2018 xxc 000 f eng d |
| 020 |
|
|
|a 9780735274235
|
| 020 |
|
|
|a 9780735274259
|
| 020 |
|
|
|a 9780735274242
|
| 040 |
|
|
|a BD-DhAAL
|c BD-DhAAL
|
| 082 |
|
|
|a 813.54
|2 23
|
| 100 |
|
|
|a Brand, Dionne,
|d 1953-
|e author.
|9 58832
|
| 245 |
|
|
|a Theory :
|b a novel /
|c Dionne Brand.
|
| 260 |
|
|
|a Toronto :
|b Knopf Canada,
|c c2018.
|
| 300 |
|
|
|a 229 pages ;
|c 21 cm
|
| 541 |
|
|
|a Donated by Farhana Zahir, Assistant Professor, BRAC Business School
|e 44502
|
| 610 |
|
|
|a Interpersonal relations
|v Fiction.
|9 58833
|
| 610 |
|
|
|a Women
|v Fiction.
|9 58834
|
| 852 |
|
|
|a Ayesha Abed Library
|c General Stacks
|
| 942 |
|
|
|2 ddc
|c BK
|
| 999 |
|
|
|c 47351
|d 47351
|
| 952 |
|
|
|0 0
|1 0
|2 ddc
|4 0
|6 813_540000000000000_BRA
|7 0
|9 77901
|a BRACUL
|b BRACUL
|c GEN
|d 2025-07-23
|e Donated by Farhana Zahir, Assistant Professor, BRAC Business School
|l 2
|m 3
|o 813.54 BRA
|p 3010044502
|r 2025-10-16
|s 2025-08-28
|t 1
|w 2025-07-23
|y BK
|x Donated by Farhana Zahir, Assistant Professor, BRAC Business School ; CAN. $27.95 ;
|